<?xml version="1.0" encoding="UTF-8"?>
<record
    xmlns:xsi="http://www.w3.org/2001/XMLSchema-instance"
    xsi:schemaLocation="http://www.loc.gov/MARC21/slim http://www.loc.gov/standards/marcxml/schema/MARC21slim.xsd"
    xmlns="http://www.loc.gov/MARC21/slim">

  <leader>02036nam a2200337 i 4500</leader>
  <controlfield tag="001">768714001</controlfield>
  <controlfield tag="003">CO-MdFUSB</controlfield>
  <controlfield tag="005">20210602155533.0</controlfield>
  <controlfield tag="007">ta</controlfield>
  <controlfield tag="008">200608t2010    ck  |||| |||| 00| 0 spa d</controlfield>
  <datafield tag="020" ind1=" " ind2=" ">
    <subfield code="a">9789584223753</subfield>
  </datafield>
  <datafield tag="040" ind1=" " ind2=" ">
    <subfield code="a">CO-MdFUSB</subfield>
    <subfield code="b">spa</subfield>
    <subfield code="c">CO-MdFUSB</subfield>
    <subfield code="d">CO-MdFUSBC</subfield>
    <subfield code="e">rda</subfield>
  </datafield>
  <datafield tag="041" ind1=" " ind2=" ">
    <subfield code="a">spa</subfield>
  </datafield>
  <datafield tag="082" ind1=" " ind2=" ">
    <subfield code="2">23</subfield>
    <subfield code="a">863.7</subfield>
    <subfield code="b">M539</subfield>
  </datafield>
  <datafield tag="100" ind1=" " ind2=" ">
    <subfield code="a">Mendoza, Mario</subfield>
    <subfield code="d">1964-</subfield>
    <subfield code="e">autor</subfield>
  </datafield>
  <datafield tag="245" ind1=" " ind2="3">
    <subfield code="a">La locura de nuestro tiempo</subfield>
    <subfield code="c">/ Mario Mendoza </subfield>
  </datafield>
  <datafield tag="264" ind1=" " ind2="1">
    <subfield code="a">Bogot&#xE1;, Colombia : </subfield>
    <subfield code="b">Seix Barral,</subfield>
    <subfield code="c">[2010]</subfield>
  </datafield>
  <datafield tag="264" ind1=" " ind2="4">
    <subfield code="c">&#xA9;2010</subfield>
  </datafield>
  <datafield tag="300" ind1=" " ind2=" ">
    <subfield code="c">262 p&#xE1;ginas ; </subfield>
    <subfield code="a">23 cm</subfield>
  </datafield>
  <datafield tag="336" ind1=" " ind2=" ">
    <subfield code="2">rdacontent</subfield>
    <subfield code="a">texto</subfield>
    <subfield code="b">txt</subfield>
  </datafield>
  <datafield tag="337" ind1=" " ind2=" ">
    <subfield code="2">rdamedia</subfield>
    <subfield code="a">sin mediaci&#xF3;n</subfield>
    <subfield code="b">n</subfield>
  </datafield>
  <datafield tag="338" ind1=" " ind2=" ">
    <subfield code="2">rdacarrier</subfield>
    <subfield code="a">volumen</subfield>
    <subfield code="b">nc</subfield>
  </datafield>
  <datafield tag="490" ind1=" " ind2=" ">
    <subfield code="a">Los tres mundos</subfield>
  </datafield>
  <datafield tag="505" ind1="1" ind2=" ">
    <subfield code="a">I. Momento -- II. Cuatro historias -- III. Retratos -- IV. La locura de nuestro tiempo </subfield>
  </datafield>
  <datafield tag="520" ind1=" " ind2=" ">
    <subfield code="a">Durante a&#xF1;os he tomado notas en cuadernos escolares: historias que han pasado inadvertidas para los dem&#xE1;s, retratos de personajes que me atraen por una raz&#xF3;n o por otra, momentos en los cuales siento que la existencia se ilumina de una manera especial, peque&#xF1;as reflexiones sobre el aqu&#xED; y ahora.

Algunas de esas notas las he utilizado para nutrir mis libros de cuentos y mis novelas, o las he publicado en diarios y revistas. Pero la gran mayor&#xED;a se han quedado in&#xE9;ditas. As&#xED; que ahora me complace mucho publicarlas en este libro como si fueran una bit&#xE1;cora de viaje, un testamento literario. &#xBB;La locura de nuestro tiempo es una suma de momentos especiales, historias, retratos y diagn&#xF3;sticos cuyo eje central es justamente esta intuici&#xF3;n inicial: que estar en Bogot&#xE1;, en Calcuta, en R&#xED;o de Janeiro, en Bangkok o en Ciudad de M&#xE9;xico es un privilegio. Nuestro deterioro, al menos, es expl&#xED;cito. El del Primer Mundo es soterrado, ocultado, no aceptado, y precisamente por eso mismo es m&#xE1;s demoledor&#xBB;.
</subfield>
  </datafield>
  <datafield tag="563" ind1=" " ind2=" ">
    <subfield code="a">R&#xFA;stico</subfield>
  </datafield>
  <datafield tag="650" ind1=" " ind2="7">
    <subfield code="2">embne</subfield>
    <subfield code="9">2265</subfield>
    <subfield code="a">Literatura hispanoamericana</subfield>
  </datafield>
  <datafield tag="650" ind1=" " ind2="7">
    <subfield code="2">embne</subfield>
    <subfield code="9">2518</subfield>
    <subfield code="a">Literatura colombiana</subfield>
  </datafield>
  <datafield tag="942" ind1=" " ind2=" ">
    <subfield code="c">BK</subfield>
  </datafield>
  <datafield tag="945" ind1=" " ind2=" ">
    <subfield code="a">Dani</subfield>
  </datafield>
  <datafield tag="952" ind1=" " ind2=" ">
    <subfield code="0">0</subfield>
    <subfield code="1">0</subfield>
    <subfield code="2">ddc</subfield>
    <subfield code="4">0</subfield>
    <subfield code="7">0</subfield>
    <subfield code="8">GEN</subfield>
    <subfield code="a">FUSBC</subfield>
    <subfield code="b">FUSBC</subfield>
    <subfield code="d">2020-06-08</subfield>
    <subfield code="l">1</subfield>
    <subfield code="m">2</subfield>
    <subfield code="o">G 863.7 M539l</subfield>
    <subfield code="p">7261</subfield>
    <subfield code="r">2023-08-11 00:00:00</subfield>
    <subfield code="s">2023-07-10</subfield>
    <subfield code="t">Ej.1</subfield>
    <subfield code="w">2020-06-08</subfield>
    <subfield code="y">BK</subfield>
    <subfield code="k">18</subfield>
    <subfield code="I">INV2023</subfield>
  </datafield>
  <datafield tag="999" ind1=" " ind2=" ">
    <subfield code="c">66056</subfield>
    <subfield code="d">66056</subfield>
  </datafield>
</record>
